000 00611nam a2200181Ia 4500
008 100921s9999 xx 000 0 und d
082 _b27891
_a891.463 0
100 _aभोगले प्रभाकर.
245 _aअसुनी नाथ.
260 _bशांती प्रकाशन,पुणे.
_c0
300 _a144
_bरसिक साहित्य,पुणे
365 _b70
520 _aललित-कादंबरी.
630 _aअसुनी नाथ.
650 _aललित-कादंबरी.
730 _aअसुनी नाथ.
942 _cBOOK
999 _c777004
_d777001